000
00316nam a22001337a 4500
008
171024b xxu||||| |||| 00| 0 eng d
020
_a
9780716740087
041
_a
eng
080
_2
5 ED
_a
311
100
_a
55
101
_a
STA
245
_a
STATISTICS CONCEPT AND CONTROVERSIES
_c
MOORE.D.S
942
_2
udc
_c
BK
999
_c
35725
_d
35725